[Event "Campeonato Argentino 2004"]
[Site "SchemingMind.com"]
[Date "2004.09.03"]
[Round "-"]
[White "calipo"]
[Black "aberbacha"]
[Result "1/2-1/2"]
[WhiteCountry "ARG"]
[BlackCountry "ARG"]
[WhiteElo "2032"]
[WhiteRD "96"]
[BlackElo "2164"]
[BlackRD "121"]
[GameID "3719"]

1. e4 c5 2. Nf3 Nc6 3. d4 cxd4 4. Nxd4 Nf6 5. Nc3 e5 6. Ndb5 d6 7. Bg5 a6 8. Na3 b5 9. Nd5 Be7 10. Bxf6 Bxf6
11. c3 Bg5 12. Nc2 O-O 13. a4 bxa4 14. Rxa4 a5 15. Bc4 Rb8 16. b3 Kh8 17. O-O f5 18. exf5 Bxf5 19. Nce3 Bg6 20. Bd3 Bxd3
21. Qxd3 Bxe3= 22. fxe3 Rxf1+ 23. Qxf1 h6 24. Qc4 Qd7 25. h3 Qb7 26. Ra3 Nd4 27. exd4 Rc8= 28. Qd3 Qxd5 29. c4 Qa8 30. dxe5 Qa7+
31. Kh2 dxe5 32. Qd2 e4 33. Qxa5 Qb8+ 34. Kh1 Re8 35. c5 e3 36. Qc3= Rf8 37. Ra1 e2 38. Qd3= Rf2 39. Re1 h5 40. c6 Qe5
41. Qd8+ Kh7 42. Qd3+ Kh6 43. Qd2+ g5 44. Qd3 h4 45. c7 Qxc7 46. Qa6+ Kg7 47. Qa1+ Kg8 48. Qa6 Qf7 49. Qa8+ Kg7 50. Qa1+= Kg6
51. Kg1 Rf5= 52. Qa6+ Rf6 53. Qxe2 Qxb3 54. Qe8+=
1/2-1/2

[Event "Campeonato Argentino 2004"]
[Site "SchemingMind.com"]
[Date "2004.09.03"]
[Round "-"]
[White "calipo"]
[Black "Jorge Anibal DEKMAK"]
[Result "0-1"]
[WhiteCountry "ARG"]
[BlackCountry "ARG"]
[WhiteElo "1963"]
[WhiteRD "101"]
[BlackElo "2016"]
[BlackRD "101"]
[GameID "3720"]

1. e4 e5 2. Nf3 Nf6 3. Nxe5 d6 4. Nf3 Nxe4 5. d4 d5 6. Bd3 Be7 7. O-O Nc6 8. c4 Nb4 9. Be2 dxc4 10. Bxc4 O-O
11. Nc3 Nd6 12. Bb3 Bg4 13. h3 Bf5 14. Ne5 Bf6 15. Bf4 Re8 16. Re1 c6 17. Re3 Be6 18. Bxe6 fxe6 19. Qb3 Nd5 20. Nxd5 exd5
21. Rae1 Qb6 22. Qxb6 axb6 23. a3 Nf5 24. Rd3 g5 25. Bh2 Re6 26. g4 Nxd4 27. Rxd4 Rae8 28. h4 Bxe5 29. Bxe5 Rxe5 30. Rxe5 Rxe5
31. hxg5 Rxg5 32. Kf1 Kf7 33. Ke2 Ke6 34. Rb4 b5 35. Kd2 h5 36. gxh5 Rxh5 37. Rg4 Rh2 38. Ke3= Rh3+ 39. f3 Rh2 40. Rb4 Ke5
41. Kd3 Rh3 42. Ke3 d4+ 43. Rxd4 Rxf3+ 44. Kxf3 Kxd4
0-1

[Event "Campeonato Argentino 2004"]
[Site "SchemingMind.com"]
[Date "2004.09.03"]
[Round "-"]
[White "calipo"]
[Black "Oskyrain"]
[Result "0-1"]
[WhiteCountry "ARG"]
[BlackCountry "ARG"]
[WhiteElo "1964"]
[WhiteRD "97"]
[BlackElo "2065"]
[BlackRD "130"]
[GameID "3721"]

1. e4 e5 2. Nf3 Nc6 3. Bb5 a6 4. Ba4 b5 5. Bb3 Nf6 6. O-O Bc5 7. a4 b4 8. Nxe5 Nxe5 9. d4 Bxd4 10. Qxd4 Qe7
11. Bf4 Nc6 12. Qc4 a5 13. e5 Nh5 14. Re1 Ba6 15. Qd4 Nxd4
0-1

[Event "Campeonato Argentino 2004"]
[Site "SchemingMind.com"]
[Date "2004.09.03"]
[Round "-"]
[White "calipo"]
[Black "lea_dc"]
[Result "1-0"]
[WhiteCountry "ARG"]
[BlackCountry "ARG"]
[WhiteElo "1983"]
[WhiteRD "94"]
[BlackElo "1580"]
[BlackRD "81"]
[GameID "3722"]

1. e4 c5 2. Nf3 Nc6 3. d4 cxd4 4. Nxd4 Nf6 5. Nc3 a6 6. Nxc6 bxc6 7. e5 Ng8 8. Bc4 d5 9. exd6 exd6 10. O-O Nf6
11. Re1+ Be7 12. Bg5 O-O 13. Qe2 d5 14. Bxf6 Bxf6 15. Bd3 Bd7 16. Qh5 g6 17. Qf3 Bg7 18. Rab1 Re8 19. Rxe8+ Qxe8 20. Na4 Rb8
21. b3 Bf8 22. c4 d4 23. c5 a5 24. Qf4 Bg7 25. Nb6 Be6 26. Qc7 Bf8 27. Rc1 Bh6 28. Re1 Bd2 29. Rxe6 fxe6 30. Nd7 Bg5
31. Qxb8 Qxb8 32. Nxb8 Be7 33. Nxc6 Bxc5 34. Nxa5
1-0

[Event "Campeonato Argentino 2004"]
[Site "SchemingMind.com"]
[Date "2004.09.03"]
[Round "-"]
[White "calipo"]
[Black "ferqwer"]
[Result "1-0"]
[WhiteCountry "ARG"]
[BlackCountry "ARG"]
[WhiteElo "1964"]
[WhiteRD "97"]
[BlackElo "1403"]
[BlackRD "168"]
[GameID "3723"]

1. e4 c5 2. Nf3 Nc6 3. d4 e6 4. d5 exd5 5. exd5 Qe7+ 6. Be2 Ne5 7. O-O g6 8. Nxe5 Qxe5 9. Re1 Qd6 10. Nc3 Kd8
11. Nb5 Qb6 12. d6 a6 13. Nc7 Rb8 14. Bg5+ f6 15. Bf4 Nh6 16. Bg4 Nxg4 17. Re8#
1-0

[Event "Campeonato Argentino 2004"]
[Site "SchemingMind.com"]
[Date "2004.09.05"]
[Round "-"]
[White "ReyFeroz"]
[Black "calipo"]
[Result "0-1"]
[WhiteCountry "ARG"]
[BlackCountry "ARG"]
[WhiteElo "1882"]
[WhiteRD "127"]
[BlackElo "2030"]
[BlackRD "103"]
[GameID "3724"]

1. c4 g6 2. Nc3 Nf6 3. e4 d6 4. g3 Bg7 5. Bg2 O-O 6. Nge2 c5 7. O-O Nc6 8. d3 a6 9. h3 Rb8 10. a4 Ne8
11. Be3 Nc7 12. d4 cxd4 13. Nxd4 Ne6 14. Nde2 Bd7 15. Rb1 Nb4 16. Nd5 Nxd5 17. exd5 Nc5 18. b3 Bf5 19. Rc1 Nd3 20. Ra1 Bxa1
21. Qxa1 Re8 22. Bh6 f6 23. Nd4 Qc8 24. g4 Bd7 25. Qc3 Ne5 26. a5 g5 27. f4 gxf4 28. Bxf4 b5 29. axb6 Rxb6 30. Be3 Rb8
31. Be4 Kh8 32. Bc2 Rg8 33. Nf5= Qb7 34. Kh2 Qb4 35. Bd2 Qxc3 36. Bxc3 Bxf5 37. Rxf5 Kg7 38. Rh5 h6 39. Kh1 Rb7 40. Bd2 Rh8
41. Bc3= Rhb8 42. Bd2= Rxb3 43. Bxh6+ Kf7 44. Bxb3 Rxb3 45. Bf4 Nxc4 46. Rh8 Nb6 47. Rb8 a5 48. Kg2 a4
0-1

[Event "Campeonato Argentino 2004"]
[Site "SchemingMind.com"]
[Date "2004.09.04"]
[Round "-"]
[White "aberbacha"]
[Black "calipo"]
[Result "1-0"]
[WhiteCountry "ARG"]
[BlackCountry "ARG"]
[WhiteElo "2183"]
[WhiteRD "121"]
[BlackElo "1979"]
[BlackRD "100"]
[GameID "3725"]

1. d4 g6 2. e4 Bg7 3. Nc3 d6 4. Bg5 a6 5. Nf3 Nd7 6. a4 h6 7. Be3 b6 8. Qd2 Bb7 9. Bd3 e6 10. O-O Ngf6
11. h3 c5 12. Rfe1 cxd4 13. Nxd4 Nc5 14. f3 d5 15. e5 Nfd7 16. f4 Nxd3 17. cxd3 Rc8 18. b4 O-O 19. Nce2 Qe7 20. a5 b5
21. Nb3 Rc7 22. Rac1 Rfc8 23. Bc5 Qh4 24. Bd6 Rc6 25. Ned4 Rxc1 26. Rxc1 Qd8 27. Rxc8 Qxc8 28. Qe1 Kh8 29. Nc5 Nxc5 30. bxc5 Kh7
31. Qh4 Kg8 32. Nc2 Bc6= 33. Nb4 Ba8 34. d4 Bb7= 35. Qe7 Bf8 36. Qxf8+ Qxf8 37. Bxf8 Kxf8 38. Kf2 Ke7 39. g4 Bc8 40. h4 Bb7
41. Ke3 Kd7 42. h5 gxh5 43. gxh5 Ke7 44. f5 Kd7 45. f6 Kd8 46. Kd3
1-0

[Event "Campeonato Argentino 2004"]
[Site "SchemingMind.com"]
[Date "2004.09.03"]
[Round "-"]
[White "Jorge Anibal DEKMAK"]
[Black "calipo"]
[Result "1-0"]
[WhiteCountry "ARG"]
[BlackCountry "ARG"]
[WhiteElo "2002"]
[WhiteRD "115"]
[BlackElo "1962"]
[BlackRD "100"]
[GameID "3726"]

1. e4 c5 2. Nf3 Nc6 3. d4 cxd4 4. Nxd4 Nf6 5. Nc3 g6 6. Nxc6 bxc6 7. e5 Ng8 8. Qf3 Bg7 9. Bc4 f5 10. Bf4 e6
11. Rd1 Qc7 12. O-O Ne7 13. Rfe1 Rb8 14. b3 O-O 15. Qg3 Bb7 16. Bc1 Nd5 17. Ba3 f4 18. Qh3 Nxc3 19. Bd6 Qa5 20. b4 Qa3
21. Bxb8 Qxb4 22. Bxe6+ dxe6 23. Qxe6+ Kh8 24. Bd6 Bc8 25. Bxb4 Bxe6 26. Bxc3 Bxa2 27. Ra1 Be6= 28. Rxa7 Kg8 29. Rc7 Bd5 30. Rb1 Re8
31. Rbb7 Bh8 32. Re7 Ra8 33. Rxh7
1-0

[Event "Campeonato Argentino 2004"]
[Site "SchemingMind.com"]
[Date "2004.09.05"]
[Round "-"]
[White "Oskyrain"]
[Black "calipo"]
[Result "1/2-1/2"]
[WhiteCountry "ARG"]
[BlackCountry "ARG"]
[WhiteElo "2162"]
[WhiteRD "89"]
[BlackElo "1979"]
[BlackRD "100"]
[GameID "3727"]

1. d4 g6 2. e4 Bg7 3. Nf3 d6 4. Nc3 Nf6 5. Bc4 O-O 6. O-O Nxe4 7. Nxe4 d5 8. Bd3 dxe4 9. Bxe4 Nd7 10. Re1 c5
11. c3 cxd4 12. cxd4 Nf6 13. Bd3 Bg4 14. h3 Be6 15. b3 Rc8 16. Ba3 Re8 17. Qd2 Qd7 18. Rac1 a6 19. Bb2 Qd6 20. Ne5 Bd5
21. Nc4 Qb8 22. a4 b5 23. axb5 axb5 24. Na5 Rxc1 25. Rxc1 e6 26. b4 Ne4 27. Bxe4 Bxe4 28. Qe2 Bd5 29. Rc5 Qa8 30. f3 Bf8
31. Rxb5 Qa6 32. Qf1 Bh6 33. g4 Be3+ 34. Kg2 Bd2 35. Ba3 Bc3 36. Rc5 Qxf1+ 37. Kxf1 Bxd4 38. Rc7 Be5 39. Rc1 Bxf3 40. Nc4 Bf4
41. Rc3 Bd5 42. Nb6 Bb7 43. Bc1 Be5 44. Ra3 Bd4 45. Na4 Ra8 46. Nc5 Rxa3 47. Bxa3 Bc6 48. Ke2 e5 49. Kd3 f5 50. Ne6 Bb5+
51. Kd2 Bf2 52. Bb2 Bc4 53. gxf5 gxf5 54. Nc5 e4 55. Kc3 Bb5 56. Kc2 e3 57. Bd4 f4 58. Ne4 Bh4 59. Bf6 Bxf6 60. Nxf6+ Kg7
61. Nh5+ Kh6 62. Nxf4 Kg5 63. Nd5 h5 64. Nxe3 Kh4 65. Nf5+ Kxh3 66. Ng7 h4 67. Nf5 Kg4 68. Nxh4=
1/2-1/2

[Event "Campeonato Argentino 2004"]
[Site "SchemingMind.com"]
[Date "2004.09.03"]
[Round "-"]
[White "lea_dc"]
[Black "calipo"]
[Result "0-1"]
[WhiteCountry "ARG"]
[BlackCountry "ARG"]
[WhiteElo "1580"]
[WhiteRD "81"]
[BlackElo "1983"]
[BlackRD "94"]
[GameID "3728"]

1. e4 c5 2. Nf3 Nc6 3. d4 cxd4 4. Nxd4 Nf6 5. Nc3 g6 6. Bb5 Bg7 7. Be3 O-O 8. O-O a6 9. Nxc6 dxc6 10. Bc4 b5
11. Bd3 b4 12. Na4 Ng4 13. Bd2 Qd6 14. g3 Ne5 15. Nb6 Bg4 16. f3 Qd4+ 17. Kg2 Nxf3 18. Rxf3 Qxb6 19. Qf1 Bxf3+ 20. Qxf3 Bxb2
21. Rb1 Qd4 22. Be3 Qc3 23. Rf1 c5 24. Bh6 c4 25. Bxf8 Rxf8 26. Be2 Qxc2 27. Rf2 Bd4 28. Rf1 Qxa2 29. Kh1 c3 30. Qd3 b3
31. Qxa6 Qxa6 32. Bxa6 c2
0-1

[Event "Campeonato Argentino 2004"]
[Site "SchemingMind.com"]
[Date "2004.09.06"]
[Round "-"]
[White "ferqwer"]
[Black "calipo"]
[Result "0-1"]
[WhiteCountry "ARG"]
[BlackCountry "ARG"]
[WhiteElo "1403"]
[WhiteRD "168"]
[BlackElo "1964"]
[BlackRD "97"]
[GameID "3729"]

1. c4 g6 2. d4 Nf6 3. Nc3 Bg7 4. e3 O-O 5. Bd3 d6 6. Nf3 Nbd7 7. O-O e5 8. h3 Re8 9. Qc2 Qe7 10. Bd2 e4
0-1